Yearbook of Finnish Foreign Policy 1992
Saved in:
| Format: | Book |
|---|---|
| Language: | English |
| Published: |
Helsinki
Finnish Institute of International Affairs
1992
|
| Edition: | 1. ed. |
| Subjects: | |
| Tags: |
No Tags, Be the first to tag this record!
|
MARC
| LEADER | 00000nam a2200000 4500 | ||
|---|---|---|---|
| 001 | c003311 | ||
| 005 | 20221221080512.0 | ||
| 020 | |a 951-769-043-6 | ||
| 041 | 0 | |a eng | |
| 044 | |a FI | ||
| 245 | 1 | 0 | |a Yearbook of Finnish Foreign Policy 1992 |
| 250 | |a 1. ed. | ||
| 264 | 1 | |a Helsinki |b Finnish Institute of International Affairs |c 1992 | |
| 300 | |a 96 s. | ||
| 610 | 2 | 0 | |a Fínsko |
| 610 | 2 | 0 | |a 1990-1991 |
| 610 | 2 | 0 | |a politika zahraničná |
| 610 | 2 | 0 | |a Spoločenstvo nezávislých štátov |
| 610 | 2 | 0 | |a vzťahy hospodárske medzinárodné |
| 610 | 2 | 0 | |a kooperácia hospodárska medzinárodná |
| 610 | 2 | 0 | |a integrácia ekonomická medzinárodná |
| 610 | 2 | 0 | |a Európa |
| 610 | 2 | 0 | |a Európske spoločenstvá |
| 610 | 2 | 0 | |a spolupráca hospodárska medzinárodná |